| 000 | 01082nam a2200229 a 4500 | ||
|---|---|---|---|
| 001 | BRCA_7925 | ||
| 005 | 20190320210044.0 | ||
| 008 | 060314t2011----u--a###f##---#000-0#eng-# | ||
| 020 | _a9781569768174 | ||
| 050 | 4 |
_aTL410 _b.F68 2011 |
|
| 100 | 1 |
_aFotheringham, William _919603 |
|
| 245 | 1 | 0 |
_aCyclopedia _bit’s all about the bike _cwritten by William Fotheringham. |
| 260 |
_aChicago _bChicago Review Press _c2011 |
||
| 300 |
_a432 p. _bil., gráficas, mapas _c22 cm. |
||
| 500 | _aIncluye recorridos de diferentes competencias ciclistas | ||
| 504 | _aBibliografía: p. 431 | ||
| 520 | 3 | _aEsta obra es un compendio de la A a la Z acerca de todo lo que se desea saber sobre la bicicleta, menciona también la historia del Tour de Francia, los récords mundiales y la legendaria carrera de Lance Armstrong incluidas las sustancias para lograr un mejor rendimiento en las competencias ciclistas | |
| 650 | 1 | 4 |
_aBicicletas _vEnciclopedias _zEstados Unidos _919604 |
| 650 | 1 | 4 |
_aCiclismo _zEstados Unidos _919605 |
| 650 | 1 | 4 |
_aCarreras ciclistas _zEstados Unidos _919606 |
| 942 |
_2lcc _cB |
||
| 999 |
_c7595 _d7595 |
||